000 00618cam a22002173a 4500
001 43279
003 PGUSA
005 20140828084002.0
008 130722s2013||||xxu|||||s|||||000 | eng d
040 _aPGUSA
_beng
042 _adc
100 1 _aLagerlöf, Selma,
_d1858-1940
245 1 0 _aGösta Berlingin taru
_h[electronic resource] /
_cSelma Lagerlöf
260 _bProject Gutenberg,
_c2013
506 _aPublic domain in the USA.
516 _aElectronic text
700 1 _aLehtonen, Joel,
_d1881-1934
830 0 _aProject Gutenberg
_v43279
856 4 0 _uhttp://www.gutenberg.org/ebooks/43279
942 _cEB
999 _c272530
_d272530